Statistics for Merged MLB Logos

Click here to take the quiz!

General Stats

  • This quiz has been taken 73 times
  • The average score is 136 of 150

Answer Stats

QuestionTileSelect?% Correct
Boston
Red Sox
100%
Arizona
Diamondbacks
100%
New York
Yankees
100%
Miami
Marlins
100%
Chicago
Cubs
100%
Detroit
Tigers
100%
New York
Yankees
100%
Colorado
Rockies
100%
Minnesota
Twins
100%
Houston
Astros
100%
Cleveland
Indians
100%
Oakland
Athletics
100%
Cincinnati
Reds
100%
Milwaukee
Brewers
100%
Atlanta
Braves
100%
Los Angeles
Angels
100%
Minnesota
Twins
100%
Kansas City
Royals
100%
Kansas City
Royals
100%
Milwaukee
Brewers
100%
Oakland
Athletics
100%
Tampa Bay
Rays
97%
Oakland
Athletics
97%
Los Angeles
Dodgers
97%
Detroit
Tigers
97%
Kansas City
Royals
97%
Los Angeles
Angels
97%
Seattle
Mariners
97%
New York
Yankees
97%
Boston
Red Sox
97%
San Diego
Padres
97%
Detroit
Tigers
97%
Baltimore
Orioles
97%
Chicago
White Sox
97%
Houston
Astros
97%
Colorado
Rockies
97%
Boston
Red Sox
97%
Miami
Marlins
97%
San Diego
Padres
97%
Houston
Astros
97%
Cleveland
Indians
97%
Atlanta
Braves
97%
Detroit
Tigers
97%
Los Angeles
Dodgers
97%
Minnesota
Twins
97%
St. Louis
Cardinals
97%
Pittsburgh
Pirates
97%
San Francisco
Giants
97%
Houston
Astros
97%
Minnesota
Twins
97%
Los Angeles
Angels
97%
Colorado
Rockies
97%
St. Louis
Cardinals
97%
New York
Mets
97%
Pittsburgh
Pirates
97%
Cleveland
Indians
97%
Miami
Marlins
97%
St. Louis
Cardinals
97%
Chicago
Cubs
97%
Baltimore
Orioles
97%
Cincinnati
Reds
97%
Toronto
Blue Jays
97%
Pittsburgh
Pirates
97%
Boston
Red Sox
97%
Atlanta
Braves
97%
Cleveland
Indians
97%
Chicago
Cubs
97%
Chicago
White Sox
97%
Cincinnati
Reds
97%
Houston
Astros
97%
Philadelphia
Phillies
95%
Seattle
Mariners
95%
Baltimore
Orioles
95%
Houston
Astros
95%
Texas
Rangers
95%
Arizona
Diamondbacks
95%
Tampa Bay
Rays
95%
Atlanta
Braves
95%
Cleveland
Indians
95%
Chicago
Cubs
95%
New York
Yankees
95%
Oakland
Athletics
95%
Chicago
Cubs
95%
Baltimore
Orioles
95%
New York
Mets
95%
Los Angeles
Dodgers
95%
New York
Mets
95%
Pittsburgh
Pirates
95%
Miami
Marlins
95%
Philadelphia
Phillies
95%
Seattle
Mariners
95%
Washington
Nationals
95%
St. Louis
Cardinals
95%
Cincinnati
Reds
95%
San Francisco
Giants
95%
Philadelphia
Phillies
95%
Kansas City
Royals
95%
Minnesota
Twins
95%
Tampa Bay
Rays
92%
Chicago
White Sox
92%
Tampa Bay
Rays
92%
New York
Yankees
92%
Toronto
Blue Jays
92%
New York
Yankees
92%
Toronto
Blue Jays
92%
Texas
Rangers
92%
Los Angeles
Dodgers
89%
Washington
Nationals
89%
Philadelphia
Phillies
89%
Washington
Nationals
89%
San Francisco
Giants
89%
San Diego
Padres
89%
Seattle
Mariners
89%
Texas
Rangers
86%
Arizona Diamondbacks
86%
Texas
Rangers
84%
Milwaukee
Brewers
84%
Washington
Nationals
84%
Washington
Nationals
81%
Chicago
Cubs
81%
Colorado
Rockies
78%
Toronto
Blue Jays
78%
Chicago
White Sox
78%
Miami
Marlins
76%
Los Angeles
Angels
76%
Cincinnati
Reds
73%
Seattle
Mariners
73%
New York
Yankees
73%
Tampa Bay
Rays
73%
Texas
Rangers
73%
Baltimore
Orioles
73%
Atlanta
Braves
73%
New York
Mets
73%
Oakland
Athletics
73%
Arizona
Diamondbacks
73%
San Diego
Padres
73%
Philadelphia
Phillies
70%
Los Angeles
Dodgers
70%
Cleveland
Indians
70%
Kansas City
Royals
70%
Detroit
Tigers
68%
San Francisco
Giants
68%
Milwaukee
Brewers
62%
Minnesota
Twins
62%
Pittsburgh
Pirates
62%
Houston
Astros
59%
Washington
Nationals
59%
Boston
Red Sox
59%
St. Louis
Cardinals
59%
Texas
Rangers
59%

Score Distribution

Percentile by Number Answered

Percent of People with Each Score

Your Score History

You have not taken this quiz